Catálogo

Argumentación jurídica / (Registro nro. 68337)

Detalles MARC
000 -LEADER
fixed length control field 01263nam a2200337 i 4500
003 - CONTROL NUMBER IDENTIFIER
control field Mx-PuUPA
005 - DATE AND TIME OF LATEST TRANSACTION
control field 20220302080815.0
008 - FIXED-LENGTH DATA ELEMENTS--GENERAL INFORMATION
fixed length control field 190718s2014 sp |||fr|||| 001 0 spa d
020 ## - INTERNATIONAL STANDARD BOOK NUMBER
International Standard Book Number 9788490860069
040 ## - CATALOGING SOURCE
Original cataloging agency Mx-PuUPA
Language of cataloging spa
Transcribing agency Mx-PuUPA
Modifying agency Mx-PuUPA
Description conventions rda
041 0# - LANGUAGE CODE
Language code of text/sound track or separate title spa
245 10 - TITLE STATEMENT
Title Argumentación jurídica /
Statement of responsibility, etc. Alfonso García Figueroa, Marina Gascón Abellán, Gema Marcilla Córdoba, Luis Prieto Sanchís ; coordinadora Marina Gascón Abellán
264 #4 - PRODUCTION, PUBLICATION, DISTRIBUTION, MANUFACTURE, AND COPYRIGHT NOTICE
Place of production, publication, distribution, manufacture Valencia :
Name of producer, publisher, distributor, manufacturer Tirant Lo Blanch,
Date of production, publication, distribution, manufacture, or copyright notice ©2014
300 ## - PHYSICAL DESCRIPTION
Extent 518 páginas ;
Dimensions 22 cm
336 ## - CONTENT TYPE
Content type term texto
Fuente rdacontent
Content type code txt
337 ## - MEDIA TYPE
Media type term sin medio
Source rdamedia
Media type code n
338 ## - CARRIER TYPE
Carrier type term volumen
Source rdacarrier
Carrier type code nc
490 0# - SERIES STATEMENT
Series statement Teoría
-- Segunda época
650 #4 - SUBJECT ADDED ENTRY--TOPICAL TERM
Topical term or geographic name entry element Derecho
General subdivision Filosofía
650 #4 - SUBJECT ADDED ENTRY--TOPICAL TERM
Topical term or geographic name entry element Jurisprudencia
650 #4 - SUBJECT ADDED ENTRY--TOPICAL TERM
Topical term or geographic name entry element Interpretación del derecho
700 1# - ADDED ENTRY--PERSONAL NAME
Personal name García Figueroa, Alfonso,
Relator term autor
9 (RLIN) 9588
700 1# - ADDED ENTRY--PERSONAL NAME
Personal name Gascón Abellán, Marina,
Relator term autor
700 1# - ADDED ENTRY--PERSONAL NAME
Personal name Marcilla Córdoba, Gema,
Relator term autor
700 1# - ADDED ENTRY--PERSONAL NAME
Personal name Prieto Sanchís, Luis,
Relator term autor
700 1# - ADDED ENTRY--PERSONAL NAME
Personal name Gascón Abellán, Marina,
Relator term coordinador
942 ## - ADDED ENTRY ELEMENTS (KOHA)
Source of classification or shelving scheme Dewey Decimal Classification
Koha item type Libro
Classification part 340.11
Item part A686
Existencias
Withdrawn status Lost status Source of classification or shelving scheme Damaged status Not for loan Collection code Home library Current library Shelving location Date acquired Total Checkouts Full call number Barcode Date last seen Date last checked out Price effective from Koha item type Source of acquisition Cost, normal purchase price Total Renewals Cost, replacement price Copy number
    Dewey Decimal Classification     General Biblioteca Karol Wojtyla Biblioteca Karol Wojtyla Sala general 19/08/2021 1 340.11 A686 2014 100073 05/01/2026 29/10/2021 19/08/2021 Libro 1 540.00 1 540.00  
    Dewey Decimal Classification     General Biblioteca Karol Wojtyla Biblioteca Karol Wojtyla Sala general 19/08/2021   340.11 A686 2014 100074 05/01/2026   19/08/2021 Libro 1 540.00   540.00 Ej.2
    Dewey Decimal Classification     General Tehuacán Tehuacán Sala general 18/07/2019 2 340.11 A686 2014 968000000385 08/01/2025 11/03/2020 18/07/2019 Libro